| 000 | 00483cam a2200169ua 4500 | ||
|---|---|---|---|
| 003 | OSt | ||
| 008 | 240213b |||||||| |||| 00| 0 eng d | ||
| 020 | _a81 7169 681 3 | ||
| 041 | _aeng | ||
| 082 |
_a631.587 _bDHA/TE |
||
| 100 |
_aDhavan, B P. _95836 |
||
| 245 | _aTechnological change in Indian irrigated agriculture:A study of water saving methods / | ||
| 260 |
_aNew Delhi : _bCommonwealth Publishers , _c2001. |
||
| 300 | _a330 ; . | ||
| 500 | _a**Reference | ||
| 942 | _cBK | ||
| 999 |
_c10989 _d10989 |
||